Word chain - Netherlands - Statistics

General Stats
  • This quiz has been taken 259 times
  • The average score is 12 of 20
Answer Stats
Hint Answer % Correct
Southern neighbor Belgium
96%
Name of New York before the british took it over from the Netherlands New Amsterdam
94%
National color of the Netherlands Orange
87%
Dutch national airline KLM
79%
One of the dutch ABC islands Aruba
75%
The Netherlands is part of this military alliance NATO
73%
Stance of the Netherlands during the first world war neutral
70%
Island on which the Netherlands shares a border with France Sint Maarten
69%
Animal on the Dutch coat of arms Lion
68%
Northern province of the Netherlands Groningen
64%
River that flows through Rotterdam Maas
62%
Dutch snack containing a caramel like syrup in the middel stroopwafel
58%
Queen of the Netherlands Maxima
56%
The Netherlands was the first country to legalize this medical procedure for terminally ill people that want to end their lives Euthanasia
55%
One of the Dutch wadden islands Terschelling
55%
Oldest city in the Netherlands Nijmegen
50%
Second largest newspaper in the Netherlands AD
43%
Known as the father of microbiology Antonie van Leeuwenhoek
43%
large construction of dams, sluices, locks, dykes, levees and storm surge barriers in the south west of the netherlands Delta works
28%
Collaborator of the Nazis during their occupation of the Netherlands Anton Mussert
17%
No matching quizzes found
Score Distribution
Percent of People with Each Score
Percentile by Number Answered
Your Score History
You have not taken this quiz